<?xml version="1.0" encoding="UTF-8"?>
<marc:record xmlns:marc="http://www.loc.gov/MARC21/slim">
   <marc:leader>00000nam a2200000 a 4500</marc:leader>
   <marc:datafield ind1="0" ind2="0" tag="245">
      <marc:subfield code="a">Lieblingsgeschichten für kleine Helden</marc:subfield>
   </marc:datafield>
   <marc:datafield ind1="0" ind2="0" tag="245">
      <marc:subfield code="b">ab 4 Jahren</marc:subfield>
   </marc:datafield>
   <marc:datafield ind1=" " ind2="1" tag="264">
      <marc:subfield code="a">Hamburg</marc:subfield>
      <marc:subfield code="b">Ellermann</marc:subfield>
      <marc:subfield code="c">2015</marc:subfield>
   </marc:datafield>
   <marc:datafield ind1="1" ind2=" " tag="520">
      <marc:subfield code="a">Quelle: LHW.Lesen.Hören.Wissen (http://www.provinz.bz.it/kulturabteilung/bibliotheken/320.asp); &#xD;
Autor: Brigitte Kustatscher; &#xD;
Die Idee für diese Geschichtensammlung kam Herausgeberin Petra Steckelmann, als sie sich mit der Arbeit der Sternenbrücke, einem Kinder-Hospiz in Hamburg, beschäftigte. Um das Hospiz zu unterstützen, ging Steckelmann auf die Suche nach Geschichten, die Mut machen, stark machen, Kraft geben, zum Lachen bringen und aufmuntern. Die Sammlung wuchs und besteht nun aus neunzehn Geschichten, in denen selbstbewusste junge Heldinnen und Helden auftreten. Paul Maar, Isabel Abedi, Kirsten Boie, Cornelia Funke und Elisabeth Zöller sind nur einige der Autor/innen, die ihre Geschichten beigesteuert haben. Ihre kurzen Texte regen zum Nachdenken an, zum Sprechen über Gefühle und natürlich zum Träumen. Eine Geschichtenanthologie, welche die Fantasie ihres jungen Publikums garantiert beflügeln wird.&#xD;
Ab 4 Jahren</marc:subfield>
   </marc:datafield>
   <marc:datafield ind1=" " ind2=" " tag="020">
      <marc:subfield code="a">9783770740239</marc:subfield>
      <marc:subfield code="9">9783770740239</marc:subfield>
   </marc:datafield>
   <marc:datafield ind1=" " ind2=" " tag="020">
      <marc:subfield code="a">3770740238</marc:subfield>
      <marc:subfield code="9">3770740238</marc:subfield>
   </marc:datafield>
   <marc:datafield ind1=" " ind2=" " tag="041">
      <marc:subfield code="a">ger</marc:subfield>
   </marc:datafield>
   <marc:datafield ind1=" " ind2=" " tag="300">
      <marc:subfield code="b">zahlr. Ill.</marc:subfield>
   </marc:datafield>
   <marc:datafield ind1=" " ind2=" " tag="338">
      <marc:subfield code="a">Band</marc:subfield>
   </marc:datafield>
   <marc:datafield ind1=" " ind2=" " tag="300">
      <marc:subfield code="a">122 S.</marc:subfield>
   </marc:datafield>
</marc:record>
